UM Logo

An introduction to child development/ (Record no. 5514)

MARC details
000 -LEADER
fixed length control field 00695nam a22001937a 4500
008 - FIXED-LENGTH DATA ELEMENTS--GENERAL INFORMATION
fixed length control field 161110b xxu||||| |||| 00| 0 eng d
020 ## - INTERNATIONAL STANDARD BOOK NUMBER
International Standard Book Number 978-1-4462-7402-6 (pbk)
082 ## - DEWEY DECIMAL CLASSIFICATION NUMBER
Edition number 2016
Classification number DC 305.231
Item number K25
100 ## - MAIN ENTRY--PERSONAL NAME
9 (RLIN) 16997
Personal name Keenan, Thomas
Relator term author.
245 ## - TITLE STATEMENT
Title An introduction to child development/
Statement of responsibility, etc. Thomas Keenan, Subhadra Evans and Kevin Crowley.
250 ## - EDITION STATEMENT
Edition statement 3rd edition.
260 ## - PUBLICATION, DISTRIBUTION, ETC. (IMPRINT)
Place of publication, distribution, etc. Los Angeles:
Name of publisher, distributor, etc. Sage,
Date of publication, distribution, etc. c2016.
300 ## - PHYSICAL DESCRIPTION
Extent xxvi, 428 pages:
Other physical details color illustrations;
Dimensions 23 cm.
500 ## - GENERAL NOTE
General note Includes bibliographical references and index.
650 #0 - SUBJECT ADDED ENTRY--TOPICAL TERM
9 (RLIN) 17001
Topical term or geographic name as entry element Child development.
700 ## - ADDED ENTRY--PERSONAL NAME
9 (RLIN) 16998
Personal name Evans, Subhadra
Relator term author.
700 ## - ADDED ENTRY--PERSONAL NAME
9 (RLIN) 16999
Personal name Crowley, Kevin
Relator term author.
942 ## - ADDED ENTRY ELEMENTS (KOHA)
Source of classification or shelving scheme Dewey Decimal Classification
Koha item type Circulation
Holdings
Withdrawn status Lost status Source of classification or shelving scheme Damaged status Not for loan Collection code Home library Current library Shelving location Date acquired Source of acquisition Total Checkouts Full call number Barcode Date last seen Date last checked out Price effective from Koha item type
    Dewey Decimal Classification     Circulation UM Digos College - LIC UM Digos College - LIC Book Cart 10/27/2016 Purchased 5 DC 305.231 K25 2016 24403 05/15/2025 09/02/2024 11/10/2016 Circulation